书目信息 |
| 题名: |
顶住职场压力
|
|
| 作者: | 麦迪 , 克沙巴 著 ;姜玮 , 殷燕 译 | |
| 分册: | ||
| 出版信息: | 北京 中信出版社 2009 |
|
| 页数: | 183页 | |
| 开本: | 25cm | |
| 丛书名: | ||
| 单 册: | ||
| 中图分类: | B848.4 | |
| 科图分类: | ||
| 主题词: | 成功心理--通俗读物 , 成功心理 | |
| 电子资源: | ||
| ISBN: | 978-7-5086-1412-0 | |
| 000 | 01370nam0 2200313 45 | |
| 001 | 1029855081 | |
| 005 | 20100428142726.57 | |
| 010 | @a978-7-5086-1412-0@dCNY27.00 | |
| 100 | @a20100420d2009 em y0chiy0110 ea | |
| 101 | 1 | @achi@ceng |
| 102 | @aCN@b110000 | |
| 105 | @ay z 000yy | |
| 106 | @ar | |
| 200 | 1 | @a顶住职场压力@ADing Zhu Zhi Chang Ya Li@e将危机转化成机会@EJiang Wei Ji Zhuan Hua Cheng Ji Hui@dResilience at work : how to succeed no matter what life throws at you@f(美) 萨尔瓦多·麦迪,(美)黛博拉·克沙巴著@F( Mei ) Sa Er Wa Duo· Mai Di, ( Mei ) Dai Bo La· Ke Sha Ba Zhu@g姜玮,殷燕译@zeng |
| 210 | @a北京@c中信出版社@d2009 | |
| 215 | @a183页@d25cm | |
| 300 | @a美国管理协会系列图书 | |
| 330 | @a本书通过大量生动鲜活的职场实例传授了顶住职场压力必备的方法、工具与态度,从而提高驾驭压力的能力,在最具压力的环境中发现潜藏的机会,在经济最不景气的形势下取得成功。 | |
| 510 | 1 | @aResilience at work@ehow to succeed no matter what life throws at you@zeng |
| 517 | 1 | @a将危机转化成机会@AJiang Wei Ji Zhuan Hua Cheng Ji Hui |
| 606 | 0 | @a成功心理@j通俗读物 |
| 606 | 0 | @a成功心理 |
| 690 | @aB848.4@v4 | |
| 701 | 1 | @a麦迪@AMai Di@b萨尔瓦多@4著 |
| 701 | 1 | @a克沙巴@AKe Sha Ba@g(Khoshaba, Deborah)@4著 |
| 702 | 0 | @a姜玮@AJiang Wei@4译 |
| 702 | 0 | @a殷燕@AYin Yan@4译 |
| 801 | 0 | @aCN@bTANGWEI@c20100428 |
| 905 | @b0593163-67@dB848.4@e1011@f5 | |
| 顶住职场压力:将危机转化成机会=Resilience at work : how to succeed no matter what life throws at you/(美) 萨尔瓦多·麦迪,(美)黛博拉·克沙巴著/姜玮,殷燕译.-北京:中信出版社,2009 |
| 183页;25cm |
| 美国管理协会系列图书 |
| ISBN 978-7-5086-1412-0:CNY27.00 |
| 本书通过大量生动鲜活的职场实例传授了顶住职场压力必备的方法、工具与态度,从而提高驾驭压力的能力,在最具压力的环境中发现潜藏的机会,在经济最不景气的形势下取得成功。 |
| ● |
| 相关链接 |
|
|
|
|
正题名:顶住职场压力
索取号:B848.4/1011
 
预约/预借
| 序号 | 登录号 | 条形码 | 馆藏地/架位号 | 状态 | 备注 |
| 1 | 0593163 | 205931633 | 第一样本阅览室/ [索取号:B848.4/1011] | 在馆 | |
| 2 | 0593164 | 205931642 | 第一借阅区/ [索取号:B848.4/1011] | 在馆 | |
| 3 | 0593165 | 205931651 | 第一借阅区/ [索取号:B848.4/1011] | 在馆 | |
| 4 | 0593166 | 205931660 | 第一借阅区/ [索取号:B848.4/1011] | 在馆 | |
| 5 | 0593167 | 205931679 | 教育系资料室/ [索取号:B848.4/1011] | 在馆 |